| 000 | 00464nam a22002057a 4500 | ||
|---|---|---|---|
| 001 | 21534 | ||
| 005 | 20260311135202.0 | ||
| 008 | 260311b |||||||| |||| 00| 0 spa d | ||
| 041 | _aESP | ||
| 082 |
_a627 _bL87A |
||
| 100 | _aLópez Andrés, Lázaro | ||
| 245 | _aManual de hidráulica | ||
| 260 |
_a : _b , _c2005 |
||
| 300 |
_a414 páginas : _b ; _c00 cm. |
||
| 440 | _a ; | ||
| 650 | _aTCA | ||
| 654 | _aCII | ||
| 700 | _a; | ||
| 942 |
_cLIB _dJUS _fJUS _2ddc |
||
| 999 |
_c21534 _d21534 |
||